| 000 | 00489nam a22001817a 4500 | ||
|---|---|---|---|
| 003 | CEME | ||
| 005 | 20210628202008.0 | ||
| 008 | 210129b xxu||||| |||| 00| 0 eng d | ||
| 020 | _a0-89009-389-X | ||
| 040 | _c. | ||
| 082 | _a820 TRE | ||
| 100 |
_aTreasurd,Khalil Gibran,Gibran, Khalil _957781 |
||
| 245 | _aThe treasured writings of kahlil gibran | ||
| 260 |
_aUSA _bCASTLE BOOKS _c2000 |
||
| 300 | _a902P | ||
| 650 |
_aTREASURED WRITINGS OF KAHLIL GIBRAN _957782 |
||
| 942 |
_cBK _2ddc |
||
| 999 |
_c568037 _d568037 |
||